Sounds in the sea : from ocean acoustics to acoustical oceanography

Αποθηκεύτηκε σε:
Λεπτομέρειες βιβλιογραφικής εγγραφής
Κύριος συγγραφέας: Medwin, Herman 1920-
Μορφή: Βιβλίο
Γλώσσα:English
Δημοσίευση: Cambridge : Cambridge University Press, 2005
Θέματα:
Ετικέτες: Προσθήκη ετικέτας
Δεν υπάρχουν, Καταχωρήστε ετικέτα πρώτοι!

MARC

LEADER 00000nam a2200000 i 4500
001 1/95335
008 081014s2005 eng d
020 |a 978-0-521-82950-2 (hbk.) 
020 |a 0-521-82950-X (hbk.) 
035 |l 10100848 
040 |a GR-MY-UA  |b gre  |e aacr 
041 0 |a eng 
082 0 |a 551.4654  |2 (22) 
100 1 |a Medwin, Herman  |d 1920- 
245 1 0 |a Sounds in the sea :  |b from ocean acoustics to acoustical oceanography /  |c Herman Medwin, with contributions from Joseph E. Blue ... [κ.ά.] 
260 |a Cambridge :   |b Cambridge University Press,   |c 2005 
300 |a xxi, 643 σ.;  |b εικ., χάρτες;  |c 26 εκ. 
504 |a Περιέχει βιβλιογραφικές παραπομπές και ευρετήριο 
650 0 0 |a Underwater acoustics. 
650 0 0 |a Seawater  |x Acoustic properties. 
650 0 0 |a Oceanography. 
852 |a INST  |b LESVOS  |e 20081014  |h 551.4654 MED  |p 005100043259  |q 005100043259  |t BK  |y 0 
901 |a BIBL1-2008-3 
909 |a Λ  |b 145097 
922 |a 1ΕΛΗ  |b 200801  |c ΕΠΕΑΕΚ2/ΤΕΘ  |d ΕΛΕΥΘΕΡΟΥΔΑΚΗΣ 
970 |a ΚΑΡΑ  |b ΓΙΑΣΕΜΗ  |z 2008/10/14